Normal view
MARC view
Entry Personal Name
001 - CONTROL NUMBER
- control field: 12402
003 - CONTROL NUMBER IDENTIFIER
- control field: OSt
005 - DATE AND TIME OF LATEST TRANSACTION
- control field: 20220114145114.0
008 - FIXED-LENGTH DATA ELEMENTS
- fixed length control field: 220114|| aca||aabn | a|a d
040 ## - CATALOGING SOURCE
- Original cataloging agency: OSt
- Transcribing agency: OSt
100 ## - HEADING--PERSONAL NAME
- Personal name: Bharath Simha, Devaiah and Naveen
670 ## - SOURCE DATA FOUND
- Source citation: Work cat.: (OSt): Bharath Simha, Devaiah and Naveen, Byzantine resilient secure multicast routing in multihop wir